Which Was Invented First? - Statistics

General Stats
  • This quiz has been taken 72 times
  • The average score is 3 of 10
Answer Stats
Question Answer % Correct
Which was invented first? Chairs
63%
Which was invented first? Compass
38%
Which was invented first? Golf Ball
38%
Which was invented first? Bendy Straws
25%
Which was invented first? Earthquake Detector
25%
Which was invented first? Hotel
25%
Which was invented first? Marathon
25%
Which was invented first? Wheel
13%
Which was invented first? Windmills
13%
Which was invented first? Dishwasher
0%
No matching quizzes found
Score Distribution
Percent of People with Each Score
Percentile by Number Answered
Your Score History
You have not taken this quiz